Lázaro Cárdenas y la Revolución Mexicana / Fernando Benítez
Kaydedildi:
| Yazar: | |
|---|---|
| Materyal Türü: | Kitap |
| Seri Bilgileri: | FCE. Sección de obras de historia
|
| Konular: | |
| Etiketler: |
Etiket eklenmemiş, İlk siz ekleyin!
|
MARC
| LEADER | 00000nam^a2200000^u^4500 | ||
|---|---|---|---|
| 001 | 000546107 | ||
| 005 | 20250521000000.0 | ||
| 008 | 060220s1000^^^^^^^^^^^^r^^^^^000^0^spa^d | ||
| 009 | 20260310131402.72 | ||
| 022 | |a 9681604563 | ||
| 035 | |a FMI 000015622 | ||
| 037 | |a Acervo Xavier Clavigero | ||
| 096 | |a 3.5/117/E | ||
| 100 | |a Benítez, Fernando |e (autor) | ||
| 245 | 1 | 0 | |a Lázaro Cárdenas y la Revolución Mexicana / Fernando Benítez |
| 264 | |a México : Fondo de Cultura Económica | ||
| 300 | |a 3 vol. | ||
| 336 | |a texto |b txt |2 rdacontenido | ||
| 337 | |a sin mediación |b n |2 rdamedio | ||
| 338 | |a volumen |b nc |2 rdasoporte | ||
| 440 | |a FCE. Sección de obras de historia | ||
| 597 | |a v.1 El Porfirismo -- v.2 El Caudillismo -- v.3 El Cardenismo | ||
| 649 | |a XX | ||
| 650 | |a 1. Cárdenas, Lázaro (Pres. de México : 1934-1940) | ||
| 650 | |a Historia de México | ||
| 650 | |a MEXICO -- HISTORIA -- REVOLUCION, 1910-1917 | ||
| 910 | |a Fondo Francisco Migoya Covarrubias S.J. | ||
| 920 | |a Impresos - Libros | ||
| 930 | |a Fondos Especiales | ||
| 905 | |a 134 | ||
| 901 | |a SBC23503 |b IT2 |c ESP |u 20250521 | ||
| 901 | |a SBC28909 |b IT2 |c ESP |u 20250521 | ||
| 901 | |a SBC28910 |b IT2 |c ESP |u 20250521 | ||
| 902 | |a https://opac.biblio.iteso.mx/vufind/Record/000546107 | ||